British Geography by Letter - H - Statistics

General Stats
  • This quiz has been taken 204 times
  • The average score is 15 of 20
Answer Stats
Hint Answer % Correct
London's main airport Heathrow
100%
Roman wall built to keep out Picts {Hadrian}'s Wall
98%
Where William beat Harold in 1066 Hastings
94%
Scottish dish encased in a sheep stomach Haggis
93%
There is a "new" one of thisEnglish county in Northeastern U.S. Hampshire
90%
Scottish archipelago of 100+ islands,inner and outer Hebrides
89%
Mountainous region of Scotland Highlands
89%
Third-largest religion in the UK Hinduism
88%
London park with a Speakers' Corner Hyde Park
88%
Famous department storein London's Knightsbridge Harrods
82%
River upon which Kingston sits Hull
82%
London district that forms a boroughin the city with Fulham {Hammer}smith
76%
The counties surrounding London {Home} Counties
75%
Palace that Henry VII confiscated from Cardinal Wolsey {Hampton} Court
72%
Seaside resort paired with Brighton Hove
71%
Official city on the River Wye Hereford
57%
County where Jane Austen's"Pride and Prejudice" is primarily set {Hertford}shire
55%
Capital of Bermuda Hamilton
47%
Large estuary between Yorkshireand Lincolnshire Humber
43%
Second-largest island of the Orkney Hoy
12%
No matching quizzes found
Score Distribution
Percent of People with Each Score
Percentile by Number Answered
Your Score History
You have not taken this quiz